00559nam a2200181 a 45000010010000000030011000100080041000210350026000620820017000881000021001052450036001262600047001626500010002099420012002199520094002319980037003259990015003620000-9351ELIB.Books110520 1957  a(ELIB.Books)0000-9503 a220.12 bFil aFilson, Floyd V. aWhich Books Belong in the Bible bPhiladelphia: The Westminster Press c1957 aBible 2ddccBK 00102ddc4070aKBTSbKBTSd2011-05-20l0p55, 1658r2022-01-22 00:00:00w2022-01-22yBK cbate2011-05-20mcatu2019-07-12 c9351d9351